|
|
|
|
| LEADER |
00000nam0a2200000 4500 |
| 001 |
143432 |
| 005 |
20231031143224.0 |
| 010 |
|
|
|a 5020120863
|
| 020 |
|
|
|a RU
|b 92-2562
|
| 035 |
|
|
|a (RuTPU)RU\TPU\book\155432
|
| 090 |
|
|
|a 143432
|
| 100 |
|
|
|a 20080918d1991 m a0rusy5003 ca
|
| 101 |
0 |
|
|a rus
|
| 102 |
|
|
|a RU
|
| 105 |
|
|
|a y z 000zy
|
| 200 |
1 |
|
|a Экономика: свобода и солидарность
|f Н. П. Федоренко [и др.]
|g Академия наук СССР (АН СССР), Центральный экономико-математический институт (ЦЭМИ)
|
| 210 |
|
|
|a Москва
|c Наука
|d 1991
|
| 215 |
|
|
|a 302,[1] с.
|d 22 см
|
| 300 |
|
|
|a Авт. указаны на обороте тит. л.
|
| 610 |
1 |
|
|a экономика
|
| 610 |
1 |
|
|a экономическая теория
|
| 610 |
1 |
|
|a потенциал
|
| 610 |
1 |
|
|a хозяйственные реформы
|
| 610 |
1 |
|
|a экономическое развитие
|
| 610 |
1 |
|
|a научно-техническая революция
|
| 610 |
1 |
|
|a национальное богатство
|
| 610 |
1 |
|
|a природопользование
|
| 610 |
1 |
|
|a инновации
|
| 610 |
1 |
|
|a производственные отношения
|
| 610 |
1 |
|
|a рыночная экономика
|
| 610 |
1 |
|
|a формирование
|
| 686 |
|
|
|a У9(2)0
|2 rubbk
|
| 701 |
|
1 |
|a Федоренко
|b Н. П.
|
| 701 |
|
1 |
|a Гофман
|b Г. К.
|
| 701 |
|
1 |
|a Дементьев
|b В. Е.
|
| 701 |
|
1 |
|a Львов
|b Д. С.
|
| 701 |
|
1 |
|a Макаров
|b В. Е.
|
| 712 |
0 |
2 |
|a Академия наук СССР (АН СССР)
|b Центральный экономико-математический институт (ЦЭМИ)
|c (Москва)
|2 stltpush
|3 (RuTPU)RU\TPU\col\11797
|
| 801 |
|
0 |
|a RU
|b RuMRKP
|c 19960705
|g psbo
|
| 801 |
|
1 |
|a RU
|b 63413507
|c 20080918
|g PSBO
|
| 801 |
|
2 |
|a RU
|b 63413507
|c 20090425
|g PSBO
|
| 942 |
|
|
|c BK
|